Loading...
| Current Events | 1 | 30.00 | 100% | 100% | 100% |
| Fine Arts - Auditory Fine Arts | 3 | 10.00 | 67% | 33% | 0% |
| Fine Arts - Other Fine Arts | 4 | 10.00 | 100% | 0% | 0% |
| Fine Arts - Visual Fine Arts | 6 | 10.00 | 83% | 17% | 0% |
| Geography | 2 | 15.00 | 100% | 50% | 0% |
| History - American History | 4 | 17.50 | 100% | 50% | 25% |
| History - European History | 3 | 10.00 | 100% | 0% | 0% |
| History - Other History | 5 | 14.00 | 100% | 40% | 0% |
| History - World History | 4 | 10.00 | 100% | 0% | 0% |
| Literature - American Literature | 4 | 10.00 | 100% | 0% | 0% |
| Literature - British Literature | 4 | 10.00 | 100% | 0% | 0% |
| Literature - European Literature | 3 | 6.67 | 67% | 0% | 0% |
| Literature - World Literature | 7 | 10.00 | 86% | 14% | 0% |
| Mythology | 5 | 12.00 | 100% | 20% | 0% |
| Philosophy | 5 | 12.00 | 100% | 20% | 0% |
| Pop Culture | 1 | 10.00 | 100% | 0% | 0% |
| Popular Culture | 1 | 10.00 | 100% | 0% | 0% |
| Religion | 4 | 12.50 | 75% | 50% | 0% |
| Science - Biology | 2 | 10.00 | 100% | 0% | 0% |
| Science - Chemistry | 5 | 14.00 | 100% | 40% | 0% |
| Science - Other Science | 3 | 13.33 | 100% | 33% | 0% |
| Science - Physics | 4 | 15.00 | 100% | 50% | 0% |
| Social Science | 5 | 12.00 | 100% | 0% | 20% |